| 000 | 00552nam a22001937a 4500 | ||
|---|---|---|---|
| 005 | 20251108165313.0 | ||
| 008 | 250721s1990 xx 000 0 ara d | ||
| 082 | 1 | 4 | _a632/كار |
| 100 | 1 | _aكارسون، راكيل | |
| 245 | 1 | 0 | _aالربيع الصامت / |
| 250 | _aط2 | ||
| 264 | 1 |
_aالقاهرة : _bجامعة القاهرة، _c1990. |
|
| 300 | _a320ص | ||
| 650 | 1 | 7 | _aأمراض النباتات |
| 650 | 1 | 7 | _aالمبيدات الحشرية |
| 700 | 1 |
_aمستجير، أحمد _eترجمة |
|
| 942 |
_2ddc _cBK |
||
| 999 |
_c24595 _d24595 |
||